Lược sử viet ngu học / tập 1
Tiếng việt và việt ngữ học,việt ngữ học giai đoạn cổ trung đại,việt ngữ học giai đoạn cận hiện đại.
Đã lưu trong:
| 主要作者: | |
|---|---|
| 格式: | 圖書 |
| 語言: | Vietnamese |
| 出版: |
Hà Nội,
GD
2008.
|
| 主題: | |
| 標簽: |
添加標簽
沒有標簽, 成為第一個標記此記錄!
|
| Thư viện lưu trữ: | Mạng thư viện Đại học Đà Nẵng |
|---|
| LEADER | 01156cam a22003011a 4500 | ||
|---|---|---|---|
| 001 | 000033254 | ||
| 003 | 9402 | ||
| 005 | 20240906172430.0 | ||
| 008 | 151016s2008 vm 000 vie | ||
| 040 | |a LNN | ||
| 041 | |a vie | ||
| 082 | |a 495.922.09 |b NG-G | ||
| 100 | |a Nguyễn Thiện Giáp | ||
| 245 | 0 | |a Lược sử viet ngu học / |c Nguyễn Thiện Giáp |n tập 1 | |
| 260 | |b GD |a Hà Nội, |c 2008. | ||
| 300 | |a 430tr. : ; |c 25cm. | ||
| 520 | |a Tiếng việt và việt ngữ học,việt ngữ học giai đoạn cổ trung đại,việt ngữ học giai đoạn cận hiện đại. | ||
| 650 | |a Ngôn ngữ học | ||
| 653 | |a Lược sửviet ngu học,Nguyễn Thiện Giáp,2008 |a lược sử ngôn ngữ | ||
| OWN | |a LNN | ||
| 902 | |a Tham khảo TV | ||
| AVA | |a UDN50 |b LNN |d 495.92401 NG-G |e available |t Error 5001 Not defined in file expand_doc_bib_avail. |f 3 |g 0 |h N |i 0 | ||
| 999 | |a From the UDN01 | ||
| AVA | |a UDN50 |b LNN |d 495.92401 NG-G |e available |t Error 5001 Not defined in file expand_doc_bib_avail. |f 3 |g 0 |h N |i 0 | ||
| TYP | |a Monograph | ||
| 980 | |a Mạng thư viện Đại học Đà Nẵng | ||